| 000 | 00819nam a2200277 a 4500 | ||
|---|---|---|---|
| 001 | 000081724 | ||
| 005 | 20200120224619.0 | ||
| 008 | 161123s2012 sp a|||g n||| 000 cdspa d | ||
| 020 | _a9788415628088 | ||
| 041 | 0 | _a#spa | |
| 043 | _as-sp--- | ||
| 090 |
_aAH _bLOEJv |
||
| 100 | 1 | _aLoeb, Jeph | |
| 245 | 1 | 0 |
_aBatman : _bvictoria oscura / _cguión, Jeph Loeb ; ilustraciones, Tim Sale. |
| 250 | _a1a. ed. | ||
| 260 |
_aBarcelona : _bECC Ediciones, _c2012. |
||
| 300 |
_a[390] páginas : _bilustraciones. |
||
| 490 | 0 | _aGrandes Autores de Batman | |
| 650 | 1 | 7 |
_aCaricaturas _xDrama _2LEMB |
| 650 | 2 | 7 |
_aCaricaturistas _2LEMB |
| 650 | 2 | 7 |
_aTiras cómicas, historietas, etc. _2LEMB |
| 650 | 2 | 7 |
_aHumorismo gráfico _2LEMB |
| 650 | 2 | 4 | _aNovela gráfica |
| 650 | 2 | 4 | _aNovela visual |
| 700 | 1 |
_aSale, Tim, _eilustrador |
|
| 999 |
_c10135 _d10135 |
||